Russian Cities with Progressively More Letters - Statistics

General Stats
  • This quiz has been taken 23 times
  • The average score is 8 of 25
Answer Stats
No. of letters Region Pop. (in millions) Hint Answer % Correct
1 [—] 19.1 First letter of Russia's most populous city M
100%
3 Bashkortostan 1.12 Est. 1574 on the orders of Ivan the Terrible Ufa
75%
10 [—] 5.60 Second largest city in Russia – Saint _______ Petersburg
70%
2 Novosibirsk 0.03 Town named for large river that runs beside it Ob
65%
13 Sverdlovsk 1.54 Metropolis named for Empress Catherine the Great Yekaterinburg
60%
8 [—] 0.27 World's largest city above the Arctic Circle Murmansk
55%
9 [—] 1.16 Largest city in South Russia; on the River Kuban Krasnodar
45%
11 [—] 0.30 Est. 1584; Russia's first international port Arkhangelsk
40%
5 Zabaykalsky 0.33 Settled on namesake branch of the Ingoda River Chita
35%
12 Krasnodar 0.26 Large Black Sea port; lit. "New Russia" Novorossiysk
35%
4 [—] 1.13 Settled on namesake branch of the Irtysh River Omsk
35%
16 Sakhalin 0.18 Largest Russian city in formerly Japanese territory Yuzhno-Sakhalinsk
35%
15 Amur 0.23 lit. "The City of the Annunciation"; opposite Heihe, CN Blagoveshchensk
30%
17 Tatarstan 0.55 City home to the world's largest car factory Naberezhnye-Chelny
30%
23 Kamchatka 0.17 Russia's easternmost major city (100k+ pop.) Petropavlovsk-Kamchatsky
30%
6 [—] 0.85 Est. 1586; Russia's first Siberian settlement Tyumen
30%
7 Altai (Krai) 0.63 Historic mining city rich in copper and silver Barnaul
25%
14 Khanty-Mansi 0.28 Second largest city in K-M; known for oil boom Nizhnevartovsk
20%
18 Rostov 0.08 On the Donets River; ~10 mi east of Ukraine Kamensk-Shakhtinsky
0%
19 Zabaykalsky 0.02 On the Balyaga River and Trans-Siberian Railway Petrovsk-Zabaykalsky
0%
22 Altai (Rep.) <0.01 lit. "Leeward of the Tyolyos (Tribe) Lake" Podvetrenno-Teleutskoye
0%
24 Krasnodar 0.01 Quaint village with WWII museum founded 1794 Staronizhestebliyevskaya
0%
25 Amur <0.01 lit. "Upper Section of the City of the Annunciation" Verkhneblagoveshchenskoye
0%
21 Sverdlovsk 0.01 lit. "Upper Banks of the Sinyachikhi" Verkhnyaya-Sinyachikha
0%
20 Irkutsk 0.03 One of Russia's largest open iron mine cities Zheleznogorsk-Ilimsky
0%
No matching quizzes found
Score Distribution
Percent of People with Each Score
Percentile by Number Answered
Your Score History
You have not taken this quiz